000 00975nam a2200277Ia 4500
001 37422884
003 OCoLC
005 20240906124054.0
008 970805s1994 my 001 0 eng d
010 _a96945094
020 _a9679920623
035 _a(OCoLC)37422884
040 _aOUN
_cOUN
041 1 _aeng
_hpli
090 _aBQ1372.E54
_bD43 1994x
130 0 _aTipiṭaka.
_pSuttapiṭaka.
_pKhuddakanikāya.
_pDhammapada.
_lEnglish.
_kSelections
245 1 0 _aTreasure of the Dhamma /
_c[editor] K. Sri Dhammananda
260 _aKuala Lumpur, Malaysia :
_bBuddhist Missionary Society,
_c1994
300 _a355 p. ;
_c22 cm
500 _aIncludes indexes
546 _aTranslated from the Pali; English translation done 100 years ago re-worked in modern-day English
630 0 0 _aTipiṭaka.
_pSuttapiṭaka.
_pKhuddakanikāya.
_pDhammapada
700 1 _aDhammananda, K. Sri
710 2 _aBuddhist Missionary Society (Kuala Lumpur, Malaysia)
942 _2ddc
_cMAIN
999 _c10005
_d10006